| 000 | 00653nam a2200193Ia 4500 | ||
|---|---|---|---|
| 003 | GCL | ||
| 008 | 140319s9999 xx 000 0 ara d | ||
| 040 |
_aGCL / _cGCL |
||
| 082 | 0 | 4 |
_a251.222 _bش ف |
| 100 | 1 | _aشوقى عبده الساهى | |
| 245 | 1 | 0 |
_aالفكر الاسلامى والقضايا الطبية المعاصرة / _cشوقى عبده الساهى |
| 260 |
_aالقاهرة : _bمكتبة النهضة المصرية ، _c1990 |
||
| 300 |
_a230 ص ؛ _c24 سم |
||
| 490 | _a | ||
| 650 | 0 | 4 | _aالشريعة الاسلامية |
| 650 | 0 | 4 | _aالفكر الاسلامى |
| 650 | 0 | 4 | _aالاسلام والطب |
| 942 |
_2ddc _cBK |
||
| 999 |
_c49846 _d49846 |
||